ბათუმის შოთა რუსთაველის სახელმწიფო უნივერსიტეტის ბიბლიოთეკა

Making the Impossible Possible: (ბიბ.ჩანაწერი № 63980)

000 -LEADER
fixed length control field 00592nam a22001697a 4500
005 - DATE AND TIME OF LATEST TRANSACTION
control field 20260302165103.0
008 - FIXED-LENGTH DATA ELEMENTS--GENERAL INFORMATION
fixed length control field 260302s2023 enk||||| |||| 00| 0 eng d
020 ## - INTERNATIONAL STANDARD BOOK NUMBER
International Standard Book Number 9781787389472x
041 ## - LANGUAGE CODE
Language code of text/sound track or separate title eng
080 ## - UNIVERSAL DECIMAL CLASSIFICATION NUMBER
Universal Decimal Classification number 61(520)+94 S-23
100 ## - MAIN ENTRY--PERSONAL NAME
Personal name Sasakawa, Yohei
9 (RLIN) 27035
245 ## - TITLE STATEMENT
Title Making the Impossible Possible:
Remainder of title My Work for Leprosy Elimination and Human Rights /
Statement of responsibility, etc. Yohei Sasakawa, Translated by Lucy North.
264 ## - PRODUCTION, PUBLICATION, DISTRIBUTION, MANUFACTURE, AND COPYRIGHT NOTICE
Place of production, publication, distribution, manufacture London :
Name of producer, publisher, distributor, manufacturer Hurst,
Date of production, publication, distribution, manufacture, or copyright notice 2023.
300 ## - PHYSICAL DESCRIPTION
Extent 839 p.:
Other physical details ill.;
Dimensions 22 cm.
700 ## - ADDED ENTRY--PERSONAL NAME
Personal name North, Lucy
Relator term მთარგმნელი
9 (RLIN) 27036
942 ## - ADDED ENTRY ELEMENTS (KOHA)
Source of classification or shelving scheme
Koha item type წიგნი
ეგზემპლარები
Withdrawn status Lost status Source of classification or shelving scheme Damaged status Not for loan Permanent Location Current Location Shelving location Date acquired Cost, normal purchase price Full call number Barcode Date last seen Copy number Uniform Resource Identifier Price effective from Koha item type Public note
          ბათუმის შოთა რუსთაველის სახელმწიფო უნივერსიტეტის მთავარი ბიბლიოთეკა ბათუმის შოთა რუსთაველის სახელმწიფო უნივერსიტეტის მთავარი ბიბლიოთეკა წიგნსაცავი 2026-03-02 18.00 61(520)+94 S-23 73855 2026-03-02 73855 იაპონიის ელჩის საჩუქარი 2026-03-02 წიგნი 18 ლ.